LEADER 01300nam a2200217 4500 001 000000341524 003 CaOOAMICUS 005 20200817095600.0 008 200817s1815 it a 000 u ita r 026 $atate unr- a-,e Iles (7) 1815 (A) 040 $aSeMil$bita 245 00$aTomo 3. 264 1$aMilano :$bDalla Tipografia Sonzogno e Comp.,$c1815. 300 $a271, [1] p., III carte di tav. :$bill. color. ;$c8° 700 11$aLa Pérouse, Jean-François : de Galaup,$c.$0(OLS)http://semarc/name/111929 773 0 $aLa Pérouse, Jean-François : de Galaup $tViaggio di La Pérouse intorno al mondo tradotto dal cav. Angelo Petracchi, con note del medesimo e con tavole in rame colorate. Tomo 1. [-4.].$dMilano : Dalla Tipografia Sonzogno e Comp., 1815.$kRaccolta de' viaggi piu interessanti eseguiti nelle varie parti del mondo tanto per terra quanto per mare dopo quelli del celebre Cook, e non pubblicati fin ora in lingua italiana$g3$w()341521 850 $aSeMil 852 $aSeMil$W1$xVenegono$y1$m3XH II 7 FA$j220652$B232526$CSeMilBibl$Z2$F232526 $8I 996 $6245$aTomo 3$9(OLS)http://semarc/title/53129 996 $6264$aMilano :$bDalla Tipografia Sonzogno e Comp.$9(OLS)http://semarc/publisher/58582 LEADER 01524nam a2200277 i 4500 001 000000036880 003 CaOOAMICUS 005 20251006105953.0 008 150904s1990 be u000 u lat u 013 $a6739 020 $a2-503-03952-9 040 $aSeMil$bita 100 0 $aPaulinus,$c.$0(OLS)http://semarc/name/1354 245 10$a1: Contra Felicem libri tres /$cedidit Dag Norberg. 300 $aXIII, 142 p. ;$c26 cm. 490 0 $aCorpus Christianorum. Continuatio Mediaevalis ;$v95. 700 1 $aNorberg, Dag,$d<1909-1996>.$0(OLS)http://semarc/name/2721 773 0 $aPaulinus $tPaulini Aquileiensis Opera omnia.$dTurnhout : Brepols, 1990.$kCorpus Christianorum. Continuatio Mediaevalis$gPars1$w()1505 776 0 $aUniversité Catholique : Centre de traitement èlectronique des documents$tPaulinus Aquileiensis Contra Felicem [Microfiches].$dTurnhout : Brepols, 1990.$kCorpus Christianorum. Instrumenta lexicologica latina. Ser. A, Formae$z2-503-63952-6$w()36423 830 0$aCorpus Christianorum. Continuatio Mediaevalis ;$v95.$0(OLS)http://semarc/title/35 850 $aSeMil 852 $aSeMil$W1$xVenegono$y1$mSL2.F CC.CM 95$j262805$B3035$CSeMilBibl$Z2$F3035 $8I 961 $aSottoscrizione: Brepols 996 $6020$a2-503-03952-9$9(OLS)http://semarc/number/5684 996 $6245$a1: Contra Felicem libri tres$9(OLS)http://semarc/title/51350